Формиране на устната реч при деца със слухови нарушения (Запис номер 506435)
[ съкратено ]
| 000 -Лидер | |
|---|---|
| Лидер | 01541nam a2200337 a 4500 |
| 003 - Код на организацията, давaща контролен номер | |
| Код на организацията, даваща контролен номер | BLK |
| 005 - Дата и час на последна редакция | |
| Дата и час на последна редакция | 20240320095011.0 |
| 008 - Елементи от данни с фиксирана дължина | |
| Елементи с фиксирана дължина | 240320b bul|||||r ||||||| ||bul|| |
| 020 ## - Международен стандартен номер на книга ISBN | |
| ISBN | 9789542970477 |
| 040 ## - Източник на каталожния запис | |
| Код на библиотеката | BLK |
| 041 ## - Код за език | |
| Език | Български |
| -- | Английски |
| Език за КДБФ | Български |
| 080 ## - УДК | |
| УДК текст | Възпитание, образование и обучение на специални групи и лица. Дефектология |
| УДК код | 376 |
| УДК – определител | -056.262 |
| УДК – код + определител | 376-056.262 |
| 100 ## - Редна дума - Автор | |
| Автор | Кацарска, Венета Иванова |
| R(LIN) | 281550 |
| 245 10 - Сведения за заглавието | |
| Заглавие | Формиране на устната реч при деца със слухови нарушения |
| Подзаглавни данни | произношение, слухова работа, зрително възприемане на речта |
| Авторска отговорност | Венета Кацарска. |
| 257 ## - Страна на издаване | |
| Страна на създаване/издаване | България |
| 260 ## - Област на издателските данни | |
| Място на издаване | София |
| Име на издателя | Екопрогрес |
| Година на издаване | 2016 |
| 9 (RLIN) | 213492 |
| Печатница | ([София] : [Реклама Пони]) |
| 300 ## - Физическа характеристика | |
| Брой страници | 296 с. |
| Размер | 21 см |
| 380 ## - Жанр | |
| Жанр | Обществени науки |
| 504 ## - Забележка за наличие на библиография и др | |
| Библиография | с. 293-295 |
| 650 #4 - Допълнително описание по предмет – тема | |
| Предметна рубрика | Реч - у децата с дефектологична недостатъчност - развитие |
| 9 (RLIN) | 309493 |
| 650 #4 - Допълнително описание по предмет – тема | |
| Предметна рубрика | Глухи - възпитание и обучение |
| 9 (RLIN) | 253910 |
| 653 ## - Ключова дума – ненормативна | |
| Ключови думи | деца с увреждания |
| 653 ## - Ключова дума – ненормативна | |
| Ключови думи | слухови нарушения |
| 653 ## - Ключова дума – ненормативна | |
| Ключови думи | произношение |
| 852 ## - Местоположение | |
| Отдел | Заемна - подръчен фонд |
| Систематично-азбучна сигнатура | 376/К 48 В |
| 856 4# - Електронен адрес и достъп | |
| Електронен формат | pdf - файл |
| 856 4# - Електронен адрес и достъп | |
| Електронен формат | pdf - файл |
| 942 ## - АРТИКУЛИ | |
| Вид на библиотечния документ | Книги |
| Скрит в OPAC | Не |
| 944 ## - СЪЗДАВАНЕ И РЕДАКЦИЯ на ЗАПИСА | |
| Създаване/Редакция | |
| Дата на регистрацията/редакция | Геновева Генчева |
| Служител, извършил регистрацията/редакцията | 30560 |
| Номер на служител | Геновева Генчева |
| 999 ## - СИСТЕМНИ КОНТРОЛНИ НОМЕРА | |
| Koha biblionumber | 506435 |
| Koha biblioitemnumber | 506435 |
| Код за отписване | Код за изгубен артикул | Източник на класификационната схема | Код за повреда | Код за отдаване | Артикулен № | Име на библиотеката - собственик | Име на библиотеката, в която се намира в момента | Статус (Текущо местоположение) | Дата на вписване в системата | Местоположение - отдел | Цена в лева | Инвентарен номер | Систематично азбучна сигнатура | Баркод | Цена в евро | Служебен тип на артикула |
|---|---|---|---|---|---|---|---|---|---|---|---|---|---|---|---|---|
| Не е изгубен | Universal Decimal Classification | Не е повреден | заемане за дома | 941663 | Регионална библиотека "Любен Каравелов" Русе | Регионална библиотека "Любен Каравелов" Русе | Заемна - подръчен фонд | 2024-03-20 | Заемна - подръчен фонд | 15.00 | 120000900691 | 376/К 48 В | 120000900691 | 7.67 | Книги |